Coupe du monde de football : les équipes n'ayant jamais pris de points - Statistiques

Statistiques générales
  • Ce quiz a été pris 42 fois
  • Le résultat moyen est 5 sur 11
Statistiques - réponses
Coupe(s) du monde(s) concerné(es) Réponse % Correct
2022 Qatar
69%
2018 Panama
62%
1986 Irak
54%
2002 Chine
44%
1974 Haïti
44%
1974 Zaïre
44%
2006 Togo
41%
1990 Emirats Arabes Unis
38%
2022 Canada
36%
1970 - 1982 Salvador
28%
1938 Inde Néerlandaise
3%
Aucun quiz correspondant
Distribution des résultats
% des personnes avec chaque résultat
Percentile par nombre de réponses
Votre historique - résultats
Vous n’avez pas pris ce quiz